If The Moon Smiled (Record no. 3344)
[ view plain ]
| 000 -LEADER | |
|---|---|
| fixed length control field | 00372nam a2200157Ia 4500 |
| 005 - DATE AND TIME OF LATEST TRANSACTION | |
| control field | 20250319012602.0 |
| 008 - FIXED-LENGTH DATA ELEMENTS--GENERAL INFORMATION | |
| fixed length control field | 240331s9999 xx 000 0 und d |
| 020 ## - INTERNATIONAL STANDARD BOOK NUMBER | |
| ISBN | 0140284729 |
| 082 ## - DDC Classification | |
| Item Number - Author Mark | LOK |
| DDC Edition Number | 4562 |
| Class No. | 823 |
| 100 ## - MAIN ENTRY--PERSONAL NAME | |
| Personal name | Lokuge, C |
| 245 #0 - TITLE STATEMENT | |
| Title | If The Moon Smiled |
| 260 ## - PUBLICATION, DISTRIBUTION, ETC. | |
| Place of publication, distribution, etc. | New York, |
| Name of publisher, distributor, etc. | Penguin Books |
| Date of publication, distribution, etc. | 2000 |
| 300 ## - PHYSICAL DESCRIPTION | |
| Extent (e.g. Volumes, Pages etc.) | 224 p., (C II) |
| 500 ## - GENERAL NOTE | |
| General note | Novel |
| 942 ## - Koha item type (Biblio) | |
| Koha item type | Books in Stacks (Lending) |
| Lost status | Damaged status | Collection code | Home library | Current library | Shelving location | Date acquired | Full call number | Accession Number | Item type |
|---|---|---|---|---|---|---|---|---|---|
| Lending | WERC Library | WERC Library | Social Science Cupboard | 03/31/2024 | 823 LOK | 4562 | Books in Stacks (Lending) |
